Rozpoznaj aktora po roli cz.3 (zagraniczni aktorzy) - Statystyki

Ogólne statystyki
  • Ten quiz został rozwiązany 50 razy
  • Średni wynik to 7 z 15
Statystyki odpowiedzi
Rola Aktor % Poprawnych
Forest Gump (Forest Gump) Tom Hanks
88%
Jack Dawson (Titanic) Leonardo DiCaprio
79%
Peter Parker (Spiderman) Tom Holland/Tobey Maguire/Andrew Garfield
79%
Jack Sparrow (Piraci z Karaibów) Johnny Depp
70%
Don Corleone (Ojciec Chrzestny) Marlon Brando
56%
Grinch (Grinch świąt nie będzie) Jim Carrey
51%
Patrick Bateman (American Psycho) Christiana Bale
47%
Thomas Shelby (Peaky Blinders) Cilian Murphy
47%
Bezimienny rewolwerowiec (Dobry, zły i brzydki) Clint Eastwood
42%
Johnny English (Johnny English) Rowan Atkinson
42%
Frodo (Władca Pierścieni) Elijah Wood
40%
Cruchot (Żandarm z Saint Tropez) Louis de Funes
30%
Ron Weasley (Harry Potter) Rupert Grint
30%
Louis Dega (Papillon/Motylek) Dustin Hoffman/Rami Malek
12%
Geralt z Rivii (Wiedźmin) Liam Hemsworth
7%
Nie znaleziono quizów pasujących do podanych kryteriów
Rozkład punktacji
Procent ludzi z każdym wynikiem
Percentyl według liczby udzielonych odpowiedzi
Twoja historia wyników
Nie rozwiązałeś tego quizu